El collar del neandertal : (Record no. 91284)

MARC details
000 -CABECERA
campo de control de longitud fija 00618nam a2200205 a 4500
005 - FECHA Y HORA DE LA ÚLTIMA TRANSACCIÓN
campo de control 20210223124711.0
008 - ELEMENTOS DE LONGITUD FIJA--INFORMACIÓN GENERAL
campo de control de longitud fija 020906s1999 es r 000 0 spa d
020 ## - NÚMERO INTERNACIONAL NORMALIZADO PARA LIBROS
Número Internacional Estándar del Libro 8478807934
035 ## - NÚMERO DE CONTROL DEL SISTEMA
Número de control de sistema UPN01000118922
049 ## - COLECCIÓN
Colección CG
050 #4 - SIGNATURA TOPOGRÁFICA DE LA BIBLIOTECA DEL CONGRESO
Número de clasificación GN285
Número de documento/Ítem A7.3
100 1# - ASIENTO PRINCIPAL--NOMBRE PERSONAL
Nombre de persona Arsuaga Ferreras, Juan Luis
245 13 - MENCIÓN DE TÍTULO
Título El collar del neandertal :
Resto del título en busca de los primeros pensadores /
Mención de responsabilidad, etc. Juan Luis Arsuaga ; il. Juan Carlos Sastre.
260 ## - PUBLICACIÓN, DISTRIBUCIÓN, ETC.
Lugar de publicación, distribución, etc. Madrid :
Nombre del editor, distribuidor, etc. Temas de hoy,
Fecha de publicación, distribución, etc. 1999.
300 ## - DESCRIPCIÓN FÍSICA
Extensión 311 p. :
Otras características físicas il.
440 #0 - MENCIÓN DE SERIE/ASIENTO SECUNDARIO--TÍTULO
Título Tanto por saber
650 #4 - ASIENTO SECUNDARIO DE MATERIA - TERMINO TEMATICO
Término de materia o nombre geográfico como elemento de entrada NEANDERTHAL (RAZA)
650 #4 - ASIENTO SECUNDARIO DE MATERIA - TERMINO TEMATICO
Término de materia o nombre geográfico como elemento de entrada EVOLUCION HUMANA
9 (RLIN) 6969
905 ## - TIPO DE MATERIAL
Tipo de material Libro
Holdings
Estado de retiro Estado de pérdida Fuente del sistema de clasificación o colocación Estado dañado No para préstamo Código de colección Localización permanente Ubicación/localización actual Ubicación en estantería Total de préstamos Clasificación Código de barras Fecha visto por última vez Número de copia Tipo de ítem Koha
    Library of Congress Classification     Colección General Bib. Gregorio Torres Quintero Bib. Gregorio Torres Quintero Planta baja 3 GN285 A7.3 196250 31/12/2020 1 Libro